000 00354nam a2200157Ia 4500
008 230711s9999||||xx |||||||||||||| ||und||
041 _aENG
082 _a720
_bBR-G
100 _aBreurer M
245 0 _aGA: stillman house III
250 _a1st
260 _c1977
_aNew Delhi
_bADA Edita,Tokyo
300 _a205
650 _aArchitecture
942 _cBK
999 _c1577
_d1577